| 000 | 00340nam a22001217a 4500 | ||
|---|---|---|---|
| 082 | _a621.3121 BUB'U | ||
| 100 |
_aBUBAN, P,SCHMITT, M. L _957271 |
||
| 245 | _aUNDERSTANDING ELECTRICITY AND ELECTRONICS | ||
| 260 |
_aNEWYORK _bMCGRAW HILL _c1962 |
||
| 300 | _a446P | ||
| 650 |
_aUNDERSTANDING ELECTRICITY AND ELECTRONICS _957272 |
||
| 942 | _cBK | ||
| 999 |
_c567568 _d567568 |
||